Loading…

Frontier Manhattan : Yankee Settlement to Kansas Town, 1854-1894 /

Bibliographic Details
Main Author: Olson, Kevin G. W.
Format: Electronic eBook
Language:Inglés
Published: Lawrence, Kansas : University Press of Kansas, 2012.
Series:Book collections on Project MUSE.
Subjects:
Online Access:Texto completo

MARC

LEADER 00000cam a22000004a 4500
001 musev2_43006
003 MdBmJHUP
005 20230905044514.0
006 m o d
007 cr||||||||nn|n
008 111117s2012 ksu o 00 0 eng d
020 |a 9780700621774 
020 |z 9780700621408 
035 |a (OCoLC)967589480 
040 |a MdBmJHUP  |c MdBmJHUP 
100 1 |a Olson, Kevin G. W. 
245 1 0 |a Frontier Manhattan :   |b Yankee Settlement to Kansas Town, 1854-1894 /   |c Kevin G.W. Olson. 
264 1 |a Lawrence, Kansas :  |b University Press of Kansas,  |c 2012. 
264 3 |a Baltimore, Md. :  |b Project MUSE,   |c 2017 
264 4 |c ©2012. 
300 |a 1 online resource (284 pages):   |b illustrations, maps 
336 |a text  |b txt  |2 rdacontent 
337 |a computer  |b c  |2 rdamedia 
338 |a online resource  |b cr  |2 rdacarrier 
505 0 |a The people, the place, the times -- 1854: "A most appropriate town site" -- Winter 1854-1855: a New England crusade -- March 1855: "Damned Yankees" come to Kansas -- Spring 1855: becoming Manhattan -- Bleeding Kansas: "Tyranny is now in the ascendant" -- The wearying work of frontier life -- 1856: waiting out the violence -- 1857: a town built from stone -- 1858: "We do not despair of a free state yet" -- 1859: "A flourishing Yankee settlement" -- 1860-1865: drought, violence, and victories -- Post-Civil War: triumph of the Yankees -- 1870s: "A lively town, full of business" -- 1880-1894: into the modern era. 
588 |a Description based on print version record. 
651 7 |a Kansas  |z Manhattan.  |2 fast  |0 (OCoLC)fst01205193 
651 0 |a Manhattan (Kan.)  |x History  |y 19th century. 
650 7 |a Frontier and pioneer life.  |2 fast  |0 (OCoLC)fst00935370 
650 7 |a HISTORY  |z United States  |x State & Local  |x Midwest (IA, IL, IN, KS, MI, MN, MO, ND, NE, OH, SD, WI)  |2 bisacsh 
650 0 |a Frontier and pioneer life  |z Kansas  |z Manhattan. 
655 7 |a History.  |2 fast  |0 (OCoLC)fst01411628 
655 7 |a Electronic books.   |2 local 
710 2 |a Project Muse.  |e distributor 
830 0 |a Book collections on Project MUSE. 
856 4 0 |z Texto completo  |u https://projectmuse.uam.elogim.com/book/43006/ 
945 |a Project MUSE - Custom Collection 
945 |a Project MUSE - Archive Complete Supplement V 
945 |a Project MUSE - Archive US Regional Studies, Midwest Supplement V